Dream psychology: (Record no. 30618)

MARC details
000 -LEADER
fixed length control field 00901nam a2200253u 4500
005 - DATE AND TIME OF LATEST TRANSACTION
control field 20090923142817.0
008 - FIXED-LENGTH DATA ELEMENTS--GENERAL INFORMATION
fixed length control field 820513s1921 nyu 000 0 eng
010 ## - LCCN (DPL NO)
LC control number ENG-95032
020 ## - INTERNATIONAL STANDARD BOOK NUMBER
International Standard Book Number 8189576178
Terms of availability 200.00
035 ## - SYSTEM CONTROL NUMBER
System control number EN-78565
037 ## - SOURCE OF ACQUISITION
Source of stock number/acquisition DBAD / PUB
040 ## - CATALOGING SOURCE
Original cataloging agency dpl
Language of cataloging English
082 ## - DEWEY DECIMAL CLASSIFICATION NUMBER
Classification number 154.634
100 ## - MAIN ENTRY--PERSONAL NAME
Personal name Freud, Sigmund
240 ## - UNIFORM TITLE
Uniform title <a href="Traumdeutung. English [from old catalog]">Traumdeutung. English [from old catalog]</a>
245 ## - TITLE STATEMENT
Title Dream psychology:
Remainder of title psychoanalysis for beginners /
Statement of responsibility, etc by Sigmund Freud
260 ## - PUBLICATION, DISTRIBUTION, ETC. (IMPRINT)
Place of publication, distribution, etc Hapur
Name of publisher, distributor, etc Kalpataru Prakashan
Date of publication, distribution, etc 2009
270 ## - ADDRESS
Address 64, Revti Kunu,
City Hapur
Postal code 245101
300 ## - PHYSICAL DESCRIPTION
Extent 135p.
Dimensions 22cm(pbk)
650 ## - SUBJECT ADDED ENTRY--TOPICAL TERM
Topical term or geographic name as entry element Dreams.
650 ## - SUBJECT ADDED ENTRY--TOPICAL TERM
Topical term or geographic name as entry element Psychoanalysis.
942 ## - ADDED ENTRY ELEMENTS (KOHA)
Source of classification or shelving scheme Dewey Decimal Classification
Item type English Books
Call number suffix FRE
Classification part 154.634
Holdings
Withdrawn status Lost status Source of classification or shelving scheme Damaged status Not for loan Collection code Home library Current library Date acquired Source of acquisition Cost, normal purchase price Total Checkouts Full call number Barcode Date last seen Copy number Cost, replacement price Koha item type
    Dewey Decimal Classification   Not For Loan Non-fiction D.B.Act.Division D.B.Act.Division 23/09/2009 DBAD / PUB 200.00   154.634 FRE EN-78565 23/09/2009 1 200.00 English Books

© Delhi Public Library
Hit Counter
free hit counter